UBT Library

Math Word Problems; (Record no. 404)

000 -LEADER
fixed length control field 00312nam a22001337a 4500
005 - DATE AND TIME OF LATEST TRANSACTION
control field 20160316065932.0
008 - FIXED-LENGTH DATA ELEMENTS--GENERAL INFORMATION
fixed length control field 140306b xxu||||| |||| 00| 0 eng d
020 ## - INTERNATIONAL STANDARD BOOK NUMBER
International Standard Book Number 9780071763868
020 ## - INTERNATIONAL STANDARD BOOK NUMBER
International Standard Book Number 0071763864
041 0# - LANGUAGE CODE
Language code of text/sound track or separate title eng
080 ## - UNIVERSAL DECIMAL CLASSIFICATION NUMBER
Universal Decimal Classification number 510.21
245 ## - TITLE STATEMENT
Title Math Word Problems;
Statement of responsibility, etc Bluman, Allan G.,
942 ## - ADDED ENTRY ELEMENTS (KOHA)
Source of classification or shelving scheme
Item type Books
Holdings
Withdrawn status Lost status Source of classification or shelving scheme Damaged status Not for loan Collection code Permanent location Current location Shelving location Date acquired Total Checkouts Full call number Barcode Date last seen Koha item type Price effective from
          Koleksioni i përgjithshem UBT - Ferizaj UBT - Ferizaj Koleksioni i përgjithshem 03/06/2014   510.21 BLU 003-000001 04/04/2017 Books  
          Koleksioni i përgjithshem UBT - Ferizaj UBT - Ferizaj Koleksioni i përgjithshem 03/06/2014   510.21 BLU 003-000002 03/06/2014 Books  
          Koleksioni i përgjithshem UBT - Ferizaj UBT - Ferizaj Koleksioni i përgjithshem 03/06/2014   510.21 BLU 003-000003 03/06/2014 Books  
          Koleksioni i përgjithshem UBT - Ferizaj UBT - Ferizaj Koleksioni i përgjithshem 03/06/2014   510.21 BLU 003-000004 03/06/2014 Books  
          Koleksioni i përgjithshem UBT - Ferizaj UBT - Ferizaj Koleksioni i përgjithshem 03/06/2014   510.21 BLU 003-000005 03/06/2014 Books  
          Koleksioni i përgjithshem UBT - Ferizaj UBT - Ferizaj Koleksioni i përgjithshem 03/06/2014   510.21 BLU 003-000006 03/06/2014 Books  
          Koleksioni i përgjithshem UBT - Ferizaj UBT - Ferizaj Koleksioni i përgjithshem 03/06/2014   510.21 BLU 003-000007 03/06/2014 Books  
          Koleksioni i përgjithshem UBT - Ferizaj UBT - Ferizaj Koleksioni i përgjithshem 03/06/2014   510.21 BLU 003-000008 03/06/2014 Books  
          Koleksioni i përgjithshem UBT - Ferizaj UBT - Ferizaj Koleksioni i përgjithshem 03/06/2014   510.21 BLU 003-000009 03/06/2014 Books  
          Koleksioni i përgjithshem UBT - Ferizaj UBT - Ferizaj Koleksioni i përgjithshem 03/06/2014   510.21 BLU 003-000010 03/06/2014 Books  
          Koleksioni i përgjithshem UBT - Lipjan UBT - Lipjan Koleksioni i përgjithshem 03/16/2016   510.21 BLU 002-024422 03/16/2016 Books  
          Koleksioni i përgjithshem UBT - Lipjan UBT - Lipjan Koleksioni i përgjithshem 03/16/2016   510.21 BLU 002-024276 03/16/2016 Books 03/16/2016
          Koleksioni i përgjithshem UBT - Lipjan UBT - Lipjan Koleksioni i përgjithshem 03/16/2016   510.21 BLU 002-024277 03/16/2016 Books 03/16/2016
          Koleksioni i përgjithshem UBT - Lipjan UBT - Lipjan Koleksioni i përgjithshem 03/16/2016   510.21 BLU 002-024278 03/16/2016 Books 03/16/2016
          Koleksioni i përgjithshem UBT - Lipjan UBT - Lipjan Koleksioni i përgjithshem 03/16/2016   510.21 BLU 002-024279 03/16/2016 Books 03/16/2016
          Koleksioni i përgjithshem UBT - Lipjan UBT - Lipjan Koleksioni i përgjithshem 03/16/2016   510.21 BLU 002-024280 03/16/2016 Books 03/16/2016
          Koleksioni i përgjithshem UBT - Lipjan UBT - Lipjan Koleksioni i përgjithshem 03/16/2016   510.21 BLU 002-024281 03/16/2016 Books 03/16/2016
          Koleksioni i përgjithshem UBT - Lipjan UBT - Lipjan Koleksioni i përgjithshem 03/16/2016   510.21 BLU 002-024282 03/16/2016 Books 03/16/2016
          Koleksioni i përgjithshem UBT - Lipjan UBT - Lipjan Koleksioni i përgjithshem 03/16/2016   510.21 BLU 002-024283 03/16/2016 Books 03/16/2016
          Koleksioni i përgjithshem UBT - Lipjan UBT - Lipjan Koleksioni i përgjithshem 03/16/2016   510.21 BLU 002-024284 03/16/2016 Books 03/16/2016
          Koleksioni i përgjithshem UBT - Lipjan UBT - Lipjan Koleksioni i përgjithshem 03/16/2016   510.21 BLU 002-024285 03/16/2016 Books 03/16/2016
          Koleksioni i përgjithshem UBT - Lipjan UBT - Lipjan Koleksioni i përgjithshem 03/16/2016   510.21 BLU 002-024286 03/16/2016 Books 03/16/2016
          Koleksioni i përgjithshem UBT - Lipjan UBT - Lipjan Koleksioni i përgjithshem 03/16/2016   510.21 BLU 002-024287 03/16/2016 Books 03/16/2016
          Koleksioni i përgjithshem UBT - Lipjan UBT - Lipjan Koleksioni i përgjithshem 03/16/2016   510.21 BLU 002-024288 03/16/2016 Books 03/16/2016
          Koleksioni i përgjithshem UBT - Lipjan UBT - Lipjan Koleksioni i përgjithshem 03/16/2016   510.21 BLU 002-024289 03/16/2016 Books 03/16/2016
          Koleksioni i përgjithshem UBT - Lipjan UBT - Lipjan Koleksioni i përgjithshem 03/16/2016   510.21 BLU 002-024290 03/16/2016 Books 03/16/2016
          Koleksioni i përgjithshem UBT - Lipjan UBT - Lipjan Koleksioni i përgjithshem 03/16/2016   510.21 BLU 002-024291 03/16/2016 Books 03/16/2016
          Koleksioni i përgjithshem UBT - Lipjan UBT - Lipjan Koleksioni i përgjithshem 03/16/2016   510.21 BLU 002-024292 03/16/2016 Books 03/16/2016
UBT Library © 2015-2024. All rights reserved University Education for Business and Technology